Martial Arts Styles - Statistics

General Stats
  • This quiz has been taken 99 times
  • The average score is 10 of 14
Answer Stats
Hint Answer % Correct
Best kicks Taekwondo
96%
Traditional Martial art Karate
93%
Best for street fight Boxing
90%
Better to be big Wrestling
89%
Chucking people Judo
87%
Bruce Lee, Jackie Chan, Jet Li…(e.t.c.) Kung Fu
82%
Can’t decide between kicking and punching Kickboxing
80%
Metal shins Muay Thai
78%
Israel Martial art Krav Maga
73%
Love to cuddle (on the floor) Brazilian Jiu Jitsu
66%
Doing dancing and Martial arts Capoeira
60%
Everyone’s Favourite Mixed Martial Arts
59%
Can’t actually fight Aikido
47%
Mix of judo & wrestling Sambo
40%
No matching quizzes found
Score Distribution
Percent of People with Each Score
Percentile by Number Answered
Your Score History
You have not taken this quiz